Normal view
MARC view
- DE-MTS-38
Entry Topical Term
001 - CONTROL NUMBER
- control field: 86417
003 - CONTROL NUMBER IDENTIFIER
- control field: NUST
005 - DATE AND TIME OF LATEST TRANSACTION
- control field: 20211210150957.0
008 - FIXED-LENGTH DATA ELEMENTS
- fixed length control field: 211210|| aca||aabn | a|a d
040 ## - CATALOGING SOURCE
- Original cataloging agency: NUST
- Transcribing agency: NUST
150 ## - HEADING--TOPICAL TERM
- Topical term or geographic name entry element: DE-MTS-38
670 ## - SOURCE DATA FOUND
- Source citation: Work cat.: (NUST): Sadia Usman Mohib Jehangir Mirza Muhammad Saad Bin Tariq Muhammad Adil Haroon 86415, PR-SOF-1965-Assisstive Robotics for Disabled and Elderly, 2021.
